000
00342 a2200157 4500
001
164739
020
_a
040
_c
Magnum
100
_a
Gonzalez, Neide T. Maia
240
1
0
_a
Contos de animais fantasticos
_l
por
245
1
0
_a
Contos de animais fantasticos
362
0
_a
1899
440
1
_a
Ática
697
_a
IJ/GERAL
942
_c
BK
999
_c
164739
_d
164739